000
00321nam a2200145Ia 4500
003
OSt
005
20240101072838.0
008
170524s9999 xx 000 0 und d
020
_a
9788183563208
040
_c
IIMT UNIVERSITY
100
_a
DASH- AJAY
245
0
_a
FREEDOM OF PRESS
260
_b
KRISHNA
942
_2
ddc
_c
01
999
_c
9311
_d
9311